000 00629nam a22001937a 4500
005 20251108173534.0
008 250721s2008 xx 000 0 ara d
020 _a9957463365
082 1 4 _a940.55/عان
100 1 _aالعاني، رعد مجيد
_eمؤلف
245 1 0 _aتاريخ أوروبا الحديث المعاصر : الصراع و التحالفات 1789 -1914 /
246 1 1 _aeurope modren history
264 1 _aعمان :
_bدار كنوز المعرفة،
_c2008.
300 _a240 ص.
650 1 7 _aتاريخ أوروبا
650 1 7 _aالعصر الحديث
942 _2ddc
_cBK
999 _c106320
_d106320